Wireless Communications and Networks (Record no. 2755)

MARC details
000 -LEADER
fixed length control field 01162cam a22003854a 4500
001 - CONTROL NUMBER
control field 13733713
003 - CONTROL NUMBER IDENTIFIER
control field OSt
005 - DATE AND TIME OF LATEST TRANSACTION
control field 20181008175421.0
008 - FIXED-LENGTH DATA ELEMENTS--GENERAL INFORMATION
fixed length control field 040928s2005 njua b 001 0 eng
010 ## - LIBRARY OF CONGRESS CONTROL NUMBER
LC control number 2004043165
015 ## - NATIONAL BIBLIOGRAPHY NUMBER
National bibliography number GBA503811
Source bnb
016 7# - NATIONAL BIBLIOGRAPHIC AGENCY CONTROL NUMBER
Record control number 013085052
Source Uk
020 ## - INTERNATIONAL STANDARD BOOK NUMBER
International Standard Book Number 0131918354
020 ## - INTERNATIONAL STANDARD BOOK NUMBER
International Standard Book Number 9780131918351
020 ## - INTERNATIONAL STANDARD BOOK NUMBER
International Standard Book Number 0131967908 (pbk.)
020 ## - INTERNATIONAL STANDARD BOOK NUMBER
International Standard Book Number 9780131967908 (pbk.)
035 ## - SYSTEM CONTROL NUMBER
System control number (OCoLC)ocm56617248
035 ## - SYSTEM CONTROL NUMBER
System control number (OCoLC)56617248
Canceled/invalid control number (OCoLC)77637164
040 ## - CATALOGING SOURCE
Original cataloging agency DLC
Transcribing agency DLC
Modifying agency YDX
-- UKM
-- OCL
-- BAKER
-- NLGGC
-- BTCTA
-- YDXCP
-- DLC
042 ## - AUTHENTICATION CODE
Authentication code pcc
050 00 - LIBRARY OF CONGRESS CALL NUMBER
Classification number TK5103.2
Item number .S83 2005
082 00 - DEWEY DECIMAL CLASSIFICATION NUMBER
Classification number 384.5
Edition number 22
Item number STA 2005
084 ## - OTHER CLASSIFICATION NUMBER
Classification number 53.72
Number source bcl
084 ## - OTHER CLASSIFICATION NUMBER
Classification number 54.32
Number source bcl
100 1# - MAIN ENTRY--PERSONAL NAME
Personal name Stallings, William
9 (RLIN) 3405
245 10 - TITLE STATEMENT
Title Wireless Communications and Networks
250 ## - EDITION STATEMENT
Edition statement 2nd ed.
260 ## - PUBLICATION, DISTRIBUTION, ETC. (IMPRINT)
Place of publication, distribution, etc. Upper Saddle River, NJ :
Name of publisher, distributor, etc. Pearson Prentice Hall,
Date of publication, distribution, etc. 2005.
300 ## - PHYSICAL DESCRIPTION
Extent xiii, 559 p. :
Other physical details ill. ;
Dimensions 24 cm.
504 ## - BIBLIOGRAPHY, ETC. NOTE
Bibliography, etc Includes bibliographical references, and index.
650 #0 - SUBJECT ADDED ENTRY--TOPICAL TERM
Topical term or geographic name as entry element Wireless communication
9 (RLIN) 129
650 #0 - SUBJECT ADDED ENTRY--TOPICAL TERM
Topical term or geographic name as entry element Computer systems
9 (RLIN) 654
906 ## - LOCAL DATA ELEMENT F, LDF (RLIN)
a 7
b cbc
c orignew
d 1
e ocip
f 20
g y-gencatlg
942 ## - ADDED ENTRY ELEMENTS (KOHA)
Source of classification or shelving scheme Dewey Decimal Classification
Koha item type Short Loan
Holdings
Withdrawn status Lost status Source of classification or shelving scheme Damaged status Not for loan Home library Current library Date acquired Source of acquisition Inventory number Total Checkouts Full call number Barcode Date last seen Koha item type
    Dewey Decimal Classification     Main Kihumuro Campus Main Kihumuro Campus 30/11/2015 Purchase 08/30214   384.5 STA 2005 2015-2861 30/11/2015 Short Loan
    Dewey Decimal Classification     Main Kihumuro Campus Main Kihumuro Campus 02/03/2017 Purchase 08/29878   384.5 STA 2005 2017-0315 02/03/2017 Open Shelf
    Dewey Decimal Classification     Main Kihumuro Campus Main Kihumuro Campus 05/02/2020 Purchase 08/29879   384.5 STA 2005 2020-0328 05/02/2020 Open Shelf
    Dewey Decimal Classification     Main Kihumuro Campus Main Kihumuro Campus 31/03/2021 Purchase 08/29880   384.5 STA 2005 2021-0347 31/03/2021 Open Shelf